[Event "Prague Holiday K32"]
[Site "Prague"]
[Date "2013.07.31"]
[Round "6"]
[White "Placheta, Rostislav"]
[Black "Janacek, Jaroslav"]
[Result "0-1"]
[WhiteElo "1784"]
[BlackElo "2042"]
[PlyCount "64"]
[EventDate "2013.07.28"]
[EventType "tourn"]
[EventRounds "9"]
[EventCountry "CZE"]
[SourceTitle "EXT 2023"]
[Source "ChessBase"]
[SourceDate "2022.10.05"]
[SourceVersion "1"]
[SourceVersionDate "2022.10.05"]
[SourceQuality "1"]

1. e4 d6 2. d4 Nf6 3. Nc3 g6 4. f4 Bg7 5. e5 Nfd7 6. Nf3 c5 7. exd6 cxd4 8. Nb5 0-0 9. Nc7 exd6 10. Nxa8 Re8+ 11. Be2 Nc6 12. 0-0 Nc5 13. Bd3 Bg4 14. h3 Be6 15. Bd2 Qxa8 16. Re1 a6 17. a3 Bd5 18. Rxe8+ Qxe8 19. Qf1 b5 20. Re1 Qd7 21. Qe2 Kf8 22. Ng5 h6 23. Nf3 f5 24. b4 Ne4 25. Kh2 Kf7 26. Rf1 Nd8 27. Be1 Ne6 28. Nd2 Nc3 29. Qf2 Nxf4 30. g3 Nd1 31. Qg1 Nh5 32. Bf2 Nxf2 0-1

[Event "Prague Holiday K32"]
[Site "Prague"]
[Date "2013.07.30"]
[Round "4"]
[White "Placheta, Rostislav"]
[Black "Hentzgen, Thomas"]
[Result "0-1"]
[WhiteElo "1784"]
[BlackElo "2035"]
[PlyCount "68"]
[EventDate "2013.07.28"]
[EventType "tourn"]
[EventRounds "9"]
[EventCountry "CZE"]
[SourceTitle "EXT 2023"]
[Source "ChessBase"]
[SourceDate "2022.10.05"]
[SourceVersion "1"]
[SourceVersionDate "2022.10.05"]
[SourceQuality "1"]

1. e4 c5 2. c3 Nf6 3. e5 Nd5 4. c4 Nc7 5. Nc3 Nc6 6. Nf3 g6 7. Ne4 Ne6 8. Neg5 Bg7 9. Nxe6 dxe6 10. d3 Nxe5 11. Nxe5 Bxe5 12. Be2 Qc7 13. g3 Bd7 14. Rb1 0-0 15. 0-0 Bc6 16. b4 cxb4 17. Rxb4 Rfd8 18. c5 Bd4 19. Be3 e5 20. Bxd4 Rxd4 21. Rxd4 exd4 22. Bf3 Rd8 23. Qe2 e6 24. Rb1 Rd7 25. a4 Bd5 26. Rc1 Qc6 27. Bxd5 Qxd5 28. Rc4 e5 29. f3 Re7 30. Qe4 Qxe4 31. fxe4 f5 32. exf5 gxf5 33. Kf2 Kf7 34. Kf3 a5 0-1

[Event "Prague Holiday K32"]
[Site "Prague"]
[Date "2013.07.29"]
[Round "3"]
[White "Placheta, Rostislav"]
[Black "Fiala, Jan1"]
[Result "0-1"]
[WhiteElo "1784"]
[BlackElo "1964"]
[PlyCount "69"]
[EventDate "2013.07.28"]
[EventType "tourn"]
[EventRounds "9"]
[EventCountry "CZE"]
[SourceTitle "EXT 2023"]
[Source "ChessBase"]
[SourceDate "2022.10.05"]
[SourceVersion "1"]
[SourceVersionDate "2022.10.05"]
[SourceQuality "1"]

1. e4 c5 2. c3 a6 3. d4 cxd4 4. cxd4 d5 5. e5 Bf5 6. Bd3 Bxd3 7. Qxd3 e6 8. Bd2 Nc6 9. Nf3 Qb6 10. b3 Rc8 11. 0-0 Nge7 12. Rc1 Nf5 13. g4 Nfe7 14. Nc3 Ng6 15. Na4 Qa7 16. Ba5 b5 17. Nb2 Ba3 18. Qd2 0-0 19. b4 f6 20. Qc3 Bxb2 21. Qxb2 fxe5 22. Nxe5 Ncxe5 23. dxe5 Rxc1+ 24. Rxc1 Nf4 25. Rc5 Nh3+ 26. Kg2 Nxf2 27. Qxf2 Rxf2+ 28. Kxf2 h5 29. gxh5 Qf7+ 30. Kg3 Qxh5 31. Rc8+ Kf7 32. Bc7 Qg5+ 33. Kf3 Qf5+ 34. Ke3 Qe4+ 35. Kf2 0-1

[Event "Prague Holiday K32"]
[Site "Prague"]
[Date "2013.07.28"]
[Round "1"]
[White "Placheta, Rostislav"]
[Black "Rommel, Wilfried"]
[Result "0-1"]
[WhiteElo "1784"]
[BlackElo "1927"]
[PlyCount "81"]
[EventDate "2013.07.28"]
[EventType "tourn"]
[EventRounds "9"]
[EventCountry "CZE"]
[SourceTitle "EXT 2023"]
[Source "ChessBase"]
[SourceDate "2022.10.05"]
[SourceVersion "1"]
[SourceVersionDate "2022.10.05"]
[SourceQuality "1"]

1. e4 e5 2. Nf3 d6 3. d4 exd4 4. Nxd4 Nf6 5. Nc3 Be7 6. Be2 0-0 7. h3 Re8 8. 0-0 Nbd7 9. Bf4 Bf8 10. Bg5 c6 11. Nf5 Nc5 12. Qd4 Re5 13. f4 Ne6 14. Qe3 Ra5 15. Kh1 Nxg5 16. fxg5 Nd7 17. Rad1 Ne5 18. Qf4 Ng6 19. Nh6+ gxh6 20. Qxf7+ Kh8 21. gxh6 Qe7 22. Qc4 Be6 23. Qd4+ Re5 24. Bc4 Rd8 25. Bxe6 Qxe6 26. Qxa7 Qe7 27. Qd4 Bxh6 28. Rf5 Bg7 29. Qf2 Rf8 30. Rxf8+ Bxf8 31. Rf1 Kg8 32. a3 Bg7 33. Qa7 h6 34. Qf2 Re6 35. Qf3 Rf6 36. Qd3 Rxf1+ 37. Qxf1 Bxc3 38. Qc4+ Kh7 39. Qxc3 Qxe4 40. Qd2 Nf4 41. Kh2 0-1